000 00413cam a2200193 4500
001 D872
008 090401t1974 xxu||||| |||| 00| 0 eng d
035 _a(Sirsi) u48641
041 _aeng
050 _a333.007
100 _aAllan, A.L.
245 _aEducation for the profession
250 _a2nd
260 _aUSA
_bFIG
_c1974
300 _a34p. 29cm
350 _a0
942 _n0
948 _c04/03/1997
999 _c92380
_d92380